Famous NASCAR Drivers by Sponsor #2 - Statistics

General Stats
  • This quiz has been taken 438 times
  • The average score is 9 of 14
Answer Stats
Sponsors Career Wins Famous Driver % Correct
FedEx, SportClips 46 Denny Hamlin
94%
DuPont, Pepsi, Axalta, Drive to End Hunger 93 Jeff Gordon
91%
Goodwrench, Pennzoil, Budweiser, Jimmy John's, Busch Beer 58 Kevin Harvick
90%
Plymouth, STP 200 Richard Petty
90%
Budweiser, National Guard, Nationwide Insurance 26 Dale Earnhardt Jr
88%
Coors Light, McDonald's, Dodge 44 Bill Elliott
72%
Zerex, Hooters 5 Alan Kulwicki
70%
Grainger, National Guard, 3M, Cheez-it 19 Greg Biffle
70%
Piedmont, Kelloggs, C&J Energy 22 Terry Labonte
66%
Caterpillar, Netzero 5 Ward Burton
60%
Pennzoil 2 Steve Park
44%
Mobil 1, Dodge, Mountain Dew 5 Jeremy Mayfield
41%
Mobil 1, Alliance Truck Parts, Medallion Bank 0 Sam Hornish Jr
25%
LaFayette, Fayetteville 26 Fred Lorenzen
11%
No matching quizzes found
Score Distribution
Percent of People with Each Score
Percentile by Number Answered
Your Score History
You have not taken this quiz